000 00929cas a2200289 a 4500
001 000018275
005 20200929165431.0
008 820623c19799999pr uu m 0 b0spa d
010 _asf 88020118
_zsn 82022194
035 _a(OCoLC)ocm08542430
040 _aDO-SdBNP
_cIU
_dNST
_dDLC
_dOCoLC
041 0 _aspa
_beng
042 _alc
043 _anwpr---
050 0 0 _aUNC
245 0 0 _aArchivo historicoliterario.
260 _aSan Juan, Puerto Rico :
_bColeccion Hipatia,
_c1979-.
300 _av. ;
_c21-22 cm.
362 0 _a1-
546 _aText in Spanish with some summaries in English.
650 0 _aPuerto rican literature.
_939578
651 0 _aPuerto Rico
_xHistory
_xSources.
_939579
910 _aCatalogación por copia / LC
265 _aColeccion Hipatia, 820 First Federal Building, Santurce, Puerto Rico 00909
012 _a-3-7-0012192429-p-8803
999 _c17796
_d17796